| 000 | 00655nam a22002177a 4500 | ||
|---|---|---|---|
| 003 | UA-OsUOA | ||
| 001 | 86846 | ||
| 007 | ta | ||
| 008 | 20120911b un ||||| |||| 00| 0 ukr d | ||
| 090 |
_a908+94(477) _bІ-97 |
||
| 942 | _cBK | ||
| 040 |
_aUA-OsUOA _bukr _cUA-OsUOA _dUA-OsUOA |
||
| 245 |
_aІшла війна народна. З історії Лебединщини _cУпорядник Кужель Р. П. |
||
| 300 | _a111 с. | ||
| 955 | _a5 | ||
| 041 | _aukr | ||
| 080 | _a908+94(477) | ||
| 260 |
_aЛебедин _bБілий лебідь _c1994 |
||
| 650 | 7 |
_a9 Географія. Біографії. Історія _2UDC |
|
| 999 |
_c373015 _d373015 |
||